Statistics for NBA Three-point Contest Champions

Click here to take the quiz!

General Stats

  • This quiz has been taken 22 times
    (6 since last reset)
  • The average score is 15 of 32

Answer Stats

Year Winner Team % Correct
2015Stephen CurryWarriors
100%
2018Devin BookerSuns
80%
2006Dirk NowitzkiMavericks
80%
2001Ray AllenBuck
80%
1988Larry BirdCeltics
80%
2016Klay ThompsonWarriors
80%
2013Kyrie IrvingCavaliers
60%
2017Eric GordonRocket
60%
2012Kevin LoveTimberwolves
60%
2003Peja StojakovicKings
60%
2010Paul PierceCeltics
60%
2008Jason KaponoRaptors
40%
2014Marco BelinelliSpurs
40%
2000Jeff HornacekJazz
40%
1997Steve KerrBulls
40%
1995Glen RiceHeat
40%
1989Dale EllisSuperSonics
40%
2005Quentin RichardsonSuns
40%
2009Daequan CookHeat
20%
2004Voshon LeonardNuggets
20%
2011James JonesHeat
20%
1994Mark PriceCavaliers
20%
1992Craig HodgesBulls
20%
1996Tim LeglerBullets
0%

Score Distribution

Percentile by Number Answered

Percent of People with Each Score

Your Score History

You have not taken this quiz since the last reset